000 00388nam a2200169Ia 4500
001 26943
003 IN-NITTTR
005 20251114233337.0
008 251113s9999||||xx |||||||||||||| ||eng||
040 _beng
040 _cIN-NITTTR
041 _aeng
082 _a006.6633 H55C
100 _aHill, F. S.
245 0 _aComputer graphics using OpenGL /
_cHill, F. S.
942 _2ddc
_cBK
999 _c29571
_d29571